| 000 | 00469cam a22001694a 4500 | ||
|---|---|---|---|
| 020 | _a0834217678 | ||
| 020 | _a9788181283542 | ||
| 082 | 0 | 0 |
_a664.7 _bDEN/CE |
| 100 | 1 | _aDendy, D. A. V. | |
| 245 | 1 | 0 | _aCereals and cereal products :Chemistry and technology |
| 260 |
_aGaithersburg, Md. : _bAspen Publishers, _bSpringer _c2001. |
||
| 300 |
_axii, 429 p. : _bill. ; |
||
| 650 | 0 | _aCereal products. | |
| 650 | 0 | _aGrain. | |
| 700 | 1 | _aDobraszczyk, Bogdan J. | |
| 942 | _cREF | ||
| 999 |
_c13646 _d13646 |
||